| 000 | 00485nam a2200181Ia 4500 | ||
|---|---|---|---|
| 999 |
_c14317 _d14317 |
||
| 003 | OSt | ||
| 005 | 20201113110359.0 | ||
| 008 | 190216s9999||||xx |||||||||||||| ||und|| | ||
| 020 | _a0393956008 | ||
| 040 | _coclc | ||
| 082 |
_a813.52 _bTOO/C |
||
| 100 |
_aToomer, Jean _96240 |
||
| 245 | 0 |
_aCane / _cJean Toomer |
|
| 260 |
_bWwnational Company, _aNew york: _c1975. |
||
| 300 | _a246p | ||
| 650 | _aEnglish | ||
| 942 |
_cBK _2ddc _h813.52 _iTOO/C _k813.52 _mTOO/C |
||